Saggio sui principi fondamentali del diritto filosofico e in particolare sulla teoria del diritto penale / (Record no. 68860)

MARC details
000 -LEADER
campo de control de longitud fija 00597nam a22001815i 4500
001 - NÚMERO DE CONTROL
campo de control 68860
003 - IDENTIFICADOR DE NÚMERO DE CONTROL
campo de control ES-MaACL
005 - FECHA Y HORA DE LA ÚLTIMA TRANSACCIÓN
campo de control 20260303063013.0
007 - CAMPO FIJO DE DESCRIPCIÓN FÍSICA--INFORMACIÓN GENERAL
campo de control de longitud fija t|
008 - DATOS DE LONGITUD FIJA--INFORMACIÓN GENERAL
campo de control de longitud fija 960829s1852 it ||||1| ita d
040 ## - FUENTE DE CATALOGACIÓN
Centro catalogador/agencia de origen CAM
Lengua de catalogación spa
Centro/agencia transcriptor CAM
100 0# - ENTRADA PRINCIPAL--NOMBRE DE PERSONA
Nombre de persona Giorgi, Alessandro de
9 (RLIN) 57166
245 10 - MENCIÓN DEL TÍTULO
Título Saggio sui principi fondamentali del diritto filosofico e in particolare sulla teoria del diritto penale /
Mención de responsabilidad, etc. di Alessandro de Giorgi.
260 ## - PUBLICACIÓN, DISTRIBUCIÓN, ETC.
Lugar de publicación, distribución, etc. Padova :
Nombre del editor, distribuidor, etc. [s.n.],
Fecha de publicación, distribución, etc. 1852 (
Fabricante dalla tipografia Sicca)
300 ## - DESCRIPCIÓN FÍSICA
Extensión XV, 303 p. ;
Dimensiones 25 cm.
852 ## - LOCALIZACIÓN
Ubicación ES-MaACL
Número de control de estantería G-8076
Holdings
Estatus retirado Estado de pérdida Estado de daño No para préstamo Colección Biblioteca de origen Biblioteca actual Ubicación en estantería Fecha de adquisición Fuente de adquisición Total de préstamos Signatura topográfica completa Código de barras Visto por última vez Precio de reemplazo Tipo de ítem Koha
        Libros del s. XIX Biblioteca del Ateneo de Madrid Biblioteca del Ateneo de Madrid Sala Pecera Planta 3 17/01/2008     G-8076 1072108 23/02/2023 23/02/2023 Libro impreso antiguo